История на цифрите (Запис номер 159819)
[ съкратено ]
| 000 -Лидер | |
|---|---|
| Контролно поле с фиксирана дължина | 01749nam a2200385 c 4500 |
| 003 - Код на организацията, давaща контролен номер | |
| Контролно поле | BLK |
| 005 - Дата и час на последна редакция | |
| Контролно поле | 20201007041015.0 |
| 008 - Елементи от данни с фиксирана дължина | |
| fixed length control field | 180410b bul|||||r ||||||| ||bul|| |
| 010 ## - Наследен системен номер | |
| LC control number | KNG00166993000 |
| 040 ## - Източник на каталожния запис | |
| Идентификатор на билиотеката - собственик на записа | BLK |
| 041 ## - Код за език | |
| Код за езика на текст/звукозапис или на отделно заглавие | Български |
| Код за езика КДБФ | Български |
| 080 ## - УДК | |
| Текстов определител УДК | Общи въпроси на науката и културата |
| УДК код - определител по УДК | 00 |
| УДК определител | (091) |
| УДК - код + определител | 00(091) |
| 100 1# - Редна дума - Автор | |
| Автор | Филеп, Ласло |
| Авторска отговорност | първи автор |
| R(LIN) | 133916 |
| 139 ## - Редно поле | |
| Редна дума | Филеп, Ласло и др. |
| Авторски знак | Фил - Ф 49 |
| 245 10 - Сведения за заглавието | |
| Заглавие | История на цифрите |
| Подзаглавни данни | Науч.-попул. четиво |
| Редно поле (дума) | Ласло Филеп; съавт. Гюла Березнай; прев. от унг. Георги Димков; с послесл. от Владимир Попов; с послесл. от Неделчо Неделчев. |
| 257 ## - Страна на издаване | |
| Страна на създаване/издаване | Унгария |
| 260 ## - Област на издателските данни | |
| -- | София |
| Име на издателя, разпространителя и проч. | Техника |
| Година на издаване | 1988 |
| Печатница | Враца : В. Александров |
| 300 ## - Физическа характеристика | |
| Страници | 148 с. |
| Илюстрации и др. | с ил., факс., табл. |
| Размери/Мащаб | 17 см |
| 380 ## - Жанр | |
| Жанр | Общ отдел |
| 490 1# - СЕРИИ (Колекции) | |
| Име на серия | Библиотека Калейдоскоп |
| №: серия | 9 |
| 500 ## - Общи забележки | |
| Забележка | Ориг. загл. A szamiras tortenete / Laszlo Filep, Gyula Bereznai. - Без тир. |
| 650 #4 - Допълнително описание по предмет – тема | |
| Основно описание – тема или топоним | Числа |
| 9 (RLIN) | 177629 |
| 650 #4 - Допълнително описание по предмет – тема | |
| Основно описание – тема или топоним | история |
| 9 (RLIN) | 157727 |
| 653 ## - Ключова дума – ненормативна | |
| Ключова дума | числа |
| 653 ## - Ключова дума – ненормативна | |
| Ключова дума | история |
| 700 1# - Други автори (авторска отговорност) | |
| Лично име | Березнай, Гюла |
| Автороска отговорност (Описва отношението между автора и произведението) | съавт. |
| 9 (RLIN) | 38482 |
| 700 1# - Други автори (авторска отговорност) | |
| Лично име | Димков, Георги |
| Автороска отговорност (Описва отношението между автора и произведението) | прев. от унг. |
| 9 (RLIN) | 334641 |
| 700 1# - Други автори (авторска отговорност) | |
| Лично име | Попов, Владимир |
| Автороска отговорност (Описва отношението между автора и произведението) | с послесл. от |
| 9 (RLIN) | 369296 |
| 700 1# - Други автори (авторска отговорност) | |
| Лично име | Неделчев, Неделчо |
| Автороска отговорност (Описва отношението между автора и произведението) | с послесл. от |
| 9 (RLIN) | 366843 |
| 852 ## - Местоположение | |
| Форматна сигнатура | Цб І 23922 |
| 856 4# - Електронен адрес и достъп | |
| Електронен формат | pdf - файл |
| Път до файла /url/ | |
| 856 4# - Електронен адрес и достъп | |
| Електронен формат | pdf - файл |
| Път до файла /url/ | |
| 942 ## - АРТИКУЛИ | |
| Вид на библиотечния материал | Книги |
| Скрит в OPAC | Не |
| 944 ## - СЪЗДАВАНЕ И РЕДАКЦИЯ на ЗАПИСА | |
| Създаване/Редакция | Създаване |
| Дата на регистрацията/редакция | 07.11.2014 |
| Статус, дата на статуса | 07.11.2014 - от С1,Р / 07.11.2014 |
| Служител, извършил регистрацията/редакцията | Кина_Георгиева |
| 944 ## - СЪЗДАВАНЕ И РЕДАКЦИЯ на ЗАПИСА | |
| Създаване/Редакция | Редакция |
| Дата на регистрацията/редакция | 07.11.2014 |
| Статус, дата на статуса | 07.11.2014 - от С1,Р / 07.11.2014 |
| Служител, извършил регистрацията/редакцията | |
| 999 ## - СИСТЕМНИ КОНТРОЛНИ НОМЕРА | |
| Koha biblionumber | 159819 |
| Koha biblioitemnumber | 159819 |
| Код за отписване | Код за изгубен артикул | Източник на класификационната схема | Код за повреда | Коз за рестрикции | Код за отдаване | Артикулен № | Име на библиотеката - собственик | Име на библиотеката, в която се намира в момента | Статус (Текущо местоположение) | Дата на вписване в системата | Местоположение - отдел | Цена в лева | Инвентарен номер | Систематично азбучна сигнатура | Баркод | Номер на екземпляра | Цена в евро | Служебна бележка | Служебен тип на артикула |
|---|---|---|---|---|---|---|---|---|---|---|---|---|---|---|---|---|---|---|---|
| Не е изгубен | Universal Decimal Classification | Не е повреден | само за читалня | ползва се в читалня | 267089 | Регионална библиотека "Любен Каравелов" Русе | Регионална библиотека "Любен Каравелов" Русе | Хранилище | 1988-01-01 | Хранилище | 1.12 | 502306 | Цб І 23922 | 120000502306 | 1 | 0.57 | N: стар фонд Дата: 01.01.1988 | Книги | |
| Изтеглен | Не е изгубен | Universal Decimal Classification | Не е повреден | без рестрикции | заемане за дома | 267090 | Регионална библиотека "Любен Каравелов" Русе | Регионална библиотека "Любен Каравелов" Русе | Заемна - подръчен фонд | 1988-01-01 | Заемна - подръчен фонд | 1.12 | 503623 | П 00/Ф 49 | 503623 | 2 | 0.57 | N: стар фонд Дата: 01.01.1988 Дата инв: 01.02.2018 Бележки инв: П2018 | Книги |
| Изтеглен | Не е изгубен | Universal Decimal Classification | Не е повреден | без рестрикции | заемане за дома | 267091 | Регионална библиотека "Любен Каравелов" Русе | Регионална библиотека "Любен Каравелов" Русе | Заемна - подръчен фонд | 1988-01-01 | Заемна - подръчен фонд | 1.12 | 631127 | П 00/Ф 49 | 120000631127 | 3 | 0.57 | N: стар фонд Дата: 01.01.1988 Дата инв: 01.02.2018 Бележки инв: П2018 | Книги |